000 00333nam a2200133Ia 4500
008 240624s9999 xx 000 0 und d
041 _aeng
082 _a658.15224 MAN
100 _aMANSFIELD HEATHER
245 _aMOBILE FOR GOOD
260 _c2014
_aNew Delhi
_bTata McGraw-Hill
300 _a244 : p. : cm. ; 28
365 _cRS
_b33
999 _c25617
_d25617